000 00811nam a2200265 i 4500
001 82170
003 ES-MaACL
005 20250901015450.0
007 t|
008 041129s1996 sp ||||1| spa d
020 _a84-375-0422-8
080 _a165.242.1
080 _a13
100 1 _aGurméndez, Carlos (
_d1917-1997)
_960986
245 1 0 _aOntología de la pasión /
_cCarlos Gurméndez.
250 _a1ª ed.
260 _aMadrid, etc. :
_bFondo de Cultura Económica,
_c1996.
300 _a159 p. ;
_c21 cm.
490 1 _aSección de obras de filosofía
650 7 _aEmociones y sentimientos (Filosofía)
_2embne
_912198
650 0 4 _aYo (Filosofía)
_917858
830 0 _aSección de obras de filosofía
_9178631
852 _aES-MaACL
_jE-10265
_bR.134660
999 _c82170
_d82170